000 01701nam a22002897a 4500
001 1363
005 20230822100055.0
008 230822b cb ||||| |||| 00| 0 khr d
020 _a9789995054809
040 _aFISKH
_beng
_cFISKH
_dFISKH
082 _a796.15
100 _aTithseyha, Eam
245 _aសុខលី​ និងខ្លែង
_cនិពន្ធដោយ អៀម ទិត្យសីហា - គូររូបដោយ អ៊ុក រដ្ឋា
250 _aបោះពុម្ពលើកទី ១០ មេសា ២០២២
260 _aPhnom Penh :
_bSipar,
_c2022.
300 _a21 pages :
_bcolor illustrations ;
_c24 cm
490 _aរឿងដំបូងៗ
505 _aM
520 _aសុខលីមានខ្លែងមួយ ឈ្មោះមេអំបៅ។ គេស្រលាញ់ខ្លែងនោះណាស់។ ល្ងាចមួយ ពេលដែលសុខលីកំពុងបង្ហោះខ្លែងសេង ស្រាប់តែមានខ្យល់បក់យ៉ាងខ្លាំង ធ្វើឳ្យមេអំបៅហើរបាត់ទៅ។ គេពិបាកចិត្តខ្លាំងណាស់។
520 _aSokly has a kite called a butterfly. He loves that kite so much. One evening, while Sok Ly was flying a kite, a strong wind blew the butterfly away. He is very upset.
521 _a510
_bLexile estimate
521 _aK c
_bRaz-Plus
650 _aខ្លែង
_vស្រលាញ់
_xពិបាកចិត្ត​
650 _aKite
_vLove
_xUpset
700 _aRotha, Ouk
_cillustrator
942 _2ddc
_cBK
_n0
999 _c1363
_d1363